|
|
|
|
| LEADER |
00000cam a22000004a 4500 |
| 001 |
musev2_6315 |
| 003 |
MdBmJHUP |
| 005 |
20230905040736.0 |
| 006 |
m o d |
| 007 |
cr||||||||nn|n |
| 008 |
050112r20042002miu o 00 0 eng d |
| 010 |
|
|
|z 2005270118
|
| 020 |
|
|
|a 9780472022588
|
| 020 |
|
|
|z 9780472030279
|
| 020 |
|
|
|z 9780472112845
|
| 035 |
|
|
|a (OCoLC)606910035
|
| 040 |
|
|
|a MdBmJHUP
|c MdBmJHUP
|
| 043 |
|
|
|a f-tz---
|
| 050 |
0 |
4 |
|a GN659.T3
|b A46 2004
|
| 082 |
0 |
|
|a 304.6/32/09678
|2 22
|
| 100 |
1 |
|
|a Allen, Denise Roth,
|d 1959-
|
| 245 |
1 |
0 |
|a Managing Motherhood, Managing Risk :
|b Fertility and Danger in West Central Tanzania /
|c Denise Roth Allen.
|
| 250 |
|
|
|a 1st pbk. ed.
|
| 264 |
|
1 |
|a Ann Arbor :
|b University of Michigan Press,
|c 2004.
|
| 264 |
|
3 |
|a Baltimore, Md. :
|b Project MUSE,
|c 2012
|
| 264 |
|
4 |
|c ©2004.
|
| 300 |
|
|
|a 1 online resource (328 pages):
|b ill., map ;
|
| 336 |
|
|
|a text
|b txt
|2 rdacontent
|
| 337 |
|
|
|a computer
|b c
|2 rdamedia
|
| 338 |
|
|
|a online resource
|b cr
|2 rdacarrier
|
| 500 |
|
|
|a First published in 2002.
|
| 504 |
|
|
|a Includes bibliographical references (p. 269-293) and index.
|
| 588 |
|
|
|a Description based on print version record.
|
| 650 |
|
0 |
|a Maternal health services
|z Tanzania.
|
| 650 |
|
0 |
|a Maternal and infant welfare
|z Tanzania.
|
| 650 |
|
0 |
|a Mothers
|x Mortality
|z Tanzania.
|
| 650 |
|
0 |
|a Pregnancy
|z Tanzania.
|
| 650 |
|
0 |
|a Childbirth
|z Tanzania.
|
| 655 |
|
7 |
|a Electronic books.
|2 local
|
| 710 |
2 |
|
|a Project Muse.
|e distributor
|
| 830 |
|
0 |
|a Book collections on Project MUSE.
|
| 856 |
4 |
0 |
|z Texto completo
|u https://projectmuse.uam.elogim.com/book/6315/
|
| 945 |
|
|
|a Project MUSE - Custom Collection
|
| 945 |
|
|
|a Project MUSE - Archive Complete Foundation
|
| 945 |
|
|
|a Project MUSE - Archive Global Cultural Studies Foundation
|